[Event "Gran Canaria Santana Memorial 6th"]
[Site "Gran Canaria"]
[Date "2018.11.23"]
[Round "3.9"]
[White "Martinez Molina, Jose Juan"]
[Black "Hernandez Guerra, Manuel Juan"]
[Result "0-1"]
[WhiteElo "1723"]
[BlackElo "1409"]
[PlyCount "80"]
[EventDate "2018.11.16"]
[EventType "swiss"]
[EventRounds "7"]
[EventCountry "ESP"]
[SourceTitle "EXT 2024"]
[Source "ChessBase"]
[SourceDate "2023.10.10"]
[SourceVersion "1"]
[SourceVersionDate "2023.10.10"]
[SourceQuality "1"]

1. e4 e6 2. d4 d5 3. Nc3 c5 4. exd5 exd5 5. dxc5 d4 6. Ne4 Bxc5 7. Nxc5 Qa5+ 8. Qd2 Qxc5 9. Nf3 Nc6 10. a3 Nge7 11. Bd3 0-0 12. 0-0 Bf5 13. b4 Qc3 14. Rb1 Qxd2 15. Bxd2 Bxd3 16. cxd3 a6 17. Rbc1 Rad8 18. Rfe1 Rfe8 19. Kf1 Nf5 20. Rxe8+ Rxe8 21. Rc5 g6 22. a4 f6 23. b5 axb5 24. axb5 Ne5 25. Nxe5 fxe5 26. f3 Nd6 27. Bb4 g5 28. b6 Ra8 29. Rxe5 Ra1+ 30. Kf2 Nf7 31. Rd5 Ra2+ 32. Kg3 h5 33. h3 Rb2 34. Rxd4 Ne5 35. Bc5 h4+ 36. Rxh4 gxh4+ 37. Kxh4 Rxg2 38. d4 Nxf3+ 39. Kh5 Kf7 40. h4 Ke6 0-1

[Event "Gran Canaria Galdos op 3rd"]
[Site "Gran Canaria"]
[Date "2018.04.20"]
[Round "2"]
[White "Ramirez Medina, Victor"]
[Black "Martinez Molina, Jose Juan"]
[Result "1-0"]
[WhiteElo "2220"]
[BlackElo "1741"]
[PlyCount "65"]
[EventDate "2018.04.18"]
[EventType "swiss"]
[EventRounds "5"]
[EventCountry "ESP"]
[SourceTitle "EXT 2024"]
[Source "ChessBase"]
[SourceDate "2023.10.10"]
[SourceVersion "1"]
[SourceVersionDate "2023.10.10"]
[SourceQuality "1"]

1. e4 c5 2. Nf3 d6 3. d4 cxd4 4. Nxd4 Nf6 5. Nc3 a6 6. Bg5 e6 7. f4 Be7 8. Qf3 Qc7 9. 0-0-0 Nbd7 10. g4 b5 11. Bxf6 Nxf6 12. g5 Nd7 13. f5 Ne5 14. Qg3 b4 15. Nce2 Nc6 16. fxe6 fxe6 17. Bh3 Nxd4 18. Nxd4 Qa5 19. Qb3 Bxg5+ 20. Kb1 0-0 21. Bxe6+ Kh8 22. Bd5 Bd7 23. Bxa8 Rxa8 24. Qf7 Qd8 25. Ne6 Bxe6 26. Qxe6 Bf4 27. h4 a5 28. h5 h6 29. Rhg1 Qc7 30. Rdf1 Rc8 31. Rg2 Be5 32. Rf7 Qc5 33. Rgf2 1-0

[Event "Gran Canaria Galdos op 3rd"]
[Site "Gran Canaria"]
[Date "2018.04.18"]
[Round "2"]
[White "Martinez Molina, Jose Juan"]
[Black "Roque Hernandez, Francisco"]
[Result "1-0"]
[WhiteElo "1741"]
[BlackElo "1276"]
[PlyCount "99"]
[EventDate "2018.04.18"]
[EventType "swiss"]
[EventRounds "5"]
[EventCountry "ESP"]
[SourceTitle "EXT 2024"]
[Source "ChessBase"]
[SourceDate "2023.10.10"]
[SourceVersion "1"]
[SourceVersionDate "2023.10.10"]
[SourceQuality "1"]

1. e4 g6 2. d4 Bg7 3. Nc3 d6 4. Nf3 Bg4 5. Be2 Nd7 6. 0-0 e5 7. d5 a6 8. h3 Bxf3 9. Bxf3 Ngf6 10. Be3 b6 11. Qd2 0-0 12. g3 Qc8 13. Rad1 Nc5 14. b4 Ncd7 15. Ne2 Ne8 16. g4 a5 17. a3 axb4 18. axb4 Ra2 19. Ra1 Qa6 20. Rxa2 Qxa2 21. Qc3 Qa7 22. Ra1 Qb7 23. Ng3 Ndf6 24. Qd2 Bh8 25. c4 Ng7 26. Qa2 Nd7 27. Qa7 Qc8 28. g5 f5 29. gxf6 Nxf6 30. Kg2 h5 31. c5 bxc5 32. bxc5 Nfe8 33. Be2 dxc5 34. Qa6 Qd8 35. Qxg6 Rf6 36. Qg5 Nd6 37. Bxh5 Nc4 38. Bc1 Qf8 39. f3 Kh7 40. Bg4 Qd6 41. Qh4+ Kg8 42. Ra8+ Rf8 43. Ra4 Nb6 44. Ra6 Ra8 45. Rxa8+ Nxa8 46. Qg5 Kf8 47. h4 Ne8 48. Be6 Bf6 49. Qg8+ Ke7 50. Nf5+ 1-0

[Event "Las Palmas Insular-chT Segunda 1718"]
[Site "Las Palmas"]
[Date "2018.03.10"]
[Round "9.3"]
[White "Martinez Molina, Jose Juan"]
[Black "Martin Rodriguez, Francisco"]
[Result "1-0"]
[WhiteElo "1739"]
[BlackElo "1259"]
[PlyCount "39"]
[EventDate "2017.10.28"]
[EventType "team-swiss"]
[EventRounds "9"]
[EventCountry "ESP"]
[SourceTitle "EXT 2021"]
[Source "ChessBase"]
[SourceDate "2020.10.23"]
[SourceVersion "1"]
[SourceVersionDate "2020.10.23"]
[SourceQuality "1"]
[WhiteTeam "Anand II"]
[BlackTeam "Fundacion La Caja de Canarias II"]
[WhiteTeamCountry "ESP"]
[BlackTeamCountry "ESP"]

1. e4 e5 2. Nf3 Nc6 3. Bc4 h6 4. c3 Bc5 5. 0-0 Nf6 6. d4 exd4 7. cxd4 Bb6 8. e5 Nh7 9. Nc3 0-0 10. d5 Ne7 11. Qd3 Ng6 12. d6 Kh8 13. Nd5 cxd6 14. Nxb6 Qxb6 15. Be3 Qd8 16. exd6 Nh4 17. Ne5 Qf6 18. Bd4 Qf5 19. Qg3 g5 20. Nxf7+ 1-0

[Event "Las Palmas Insular-chT Segunda 1718"]
[Site "Las Palmas"]
[Date "2018.02.03"]
[Round "7.3"]
[White "Suarez Ramirez, Jonay"]
[Black "Martinez Molina, Jose Juan"]
[Result "0-1"]
[WhiteElo "1905"]
[BlackElo "1739"]
[PlyCount "72"]
[EventDate "2017.10.28"]
[EventType "team-swiss"]
[EventRounds "9"]
[EventCountry "ESP"]
[SourceTitle "EXT 2021"]
[Source "ChessBase"]
[SourceDate "2020.10.23"]
[SourceVersion "1"]
[SourceVersionDate "2020.10.23"]
[SourceQuality "1"]
[WhiteTeam "Hotel Avda de Canarias III"]
[BlackTeam "Anand II"]
[WhiteTeamCountry "ESP"]
[BlackTeamCountry "ESP"]

1. d4 g6 2. c4 Bg7 3. Nc3 Nf6 4. e4 d6 5. h3 0-0 6. Nf3 c6 7. Be2 Nbd7 8. Be3 a5 9. 0-0 a4 10. Nd2 Qa5 11. Rb1 e5 12. d5 Nc5 13. Qc2 Bd7 14. b3 axb3 15. axb3 Na6 16. Ra1 Qc7 17. Qa2 h6 18. Qa5 c5 19. Qxc7 Nxc7 20. Rfb1 Rxa1 21. Rxa1 Ra8 22. Rxa8+ Nxa8 23. Ndb1 Ne8 24. Na3 Bf8 25. f4 f6 26. Nab5 Kg7 27. fxe5 fxe5 28. Bd2 Be7 29. Na3 Bd8 30. Ncb5 Nac7 31. Ba5 Nxb5 32. Bxd8 Nxa3 33. Bd3 b5 34. Ba5 bxc4 35. bxc4 Ba4 36. Be1 Bb3 0-1

[Event "Las Palmas Insular-chT Segunda 1718"]
[Site "Las Palmas"]
[Date "2017.12.16"]
[Round "4.2"]
[White "Santana Chacopino, Carlos"]
[Black "Martinez Molina, Jose Juan"]
[Result "0-1"]
[WhiteElo "1422"]
[BlackElo "1739"]
[PlyCount "108"]
[EventDate "2017.10.28"]
[EventType "team-swiss"]
[EventRounds "9"]
[EventCountry "ESP"]
[SourceTitle "EXT 2019"]
[Source "ChessBase"]
[SourceDate "2018.10.10"]
[SourceVersion "1"]
[SourceVersionDate "2018.10.10"]
[SourceQuality "1"]
[WhiteTeam "Fundacion La Caja de Canarias III"]
[BlackTeam "Anand II"]
[WhiteTeamCountry "ESP"]
[BlackTeamCountry "ESP"]

1. d4 Nf6 2. Bf4 d6 3. Nf3 g6 4. e3 Bg7 5. Bd3 Nh5 6. Bg5 0-0 7. c3 Re8 8. 0-0 Nd7 9. Nbd2 c6 10. Qc2 b5 11. a3 Bb7 12. Rfe1 Qc7 13. Bh4 Nhf6 14. c4 bxc4 15. Bxc4 Nb6 16. Bd3 a5 17. Rac1 Rec8 18. Ne4 Nbd7 19. Neg5 Ba6 20. Bxa6 Rxa6 21. Qb3 d5 22. Bg3 Qa7 23. e4 Rb6 24. Qc2 h6 25. e5 hxg5 26. exf6 exf6 27. Bd6 Qb7 28. b4 Bf8 29. bxa5 Rb2 30. Rb1 Rxc2 31. Rxb7 Bxd6 32. Rxd7 Bxa3 33. a6 Ra8 34. a7 Ra2 35. Rb1 Bf8 36. Kf1 R2xa7 37. Rxa7 Rxa7 38. Rb6 Rc7 39. Ke2 Bd6 40. h3 Kf8 41. Nd2 Ke7 42. Nb3 c5 43. dxc5 Bxc5 44. Nxc5 Rxc5 45. Kd3 f5 46. g4 f4 47. f3 Rc1 48. Kd4 Re1 49. Kxd5 Re3 50. Rb7+ Kf6 51. Rb4 Rxf3 52. h4 gxh4 53. Ke4 Rf1 54. Rb6+ Kg5 0-1

[Event "Gran Canaria Fiestas Dolores 2nd"]
[Site "Gran Canaria"]
[Date "2017.09.15"]
[Round "6"]
[White "Martinez Molina, Jose Juan"]
[Black "Hernandez Guerra, Luna Yue"]
[Result "0-1"]
[WhiteElo "1722"]
[BlackElo "1603"]
[PlyCount "74"]
[EventDate "2017.09.04"]
[EventType "swiss"]
[EventRounds "6"]
[EventCountry "ESP"]
[SourceTitle "CBM 180 Extra"]
[Source "ChessBase"]
[SourceDate "2017.10.06"]
[SourceVersion "1"]
[SourceVersionDate "2017.10.06"]
[SourceQuality "1"]

1. c4 f5 2. d4 Nf6 3. Nf3 g6 4. Nc3 Bg7 5. e3 d6 6. Be2 0-0 7. d5 e5 8. dxe6 Bxe6 9. Ng5 Bd7 10. 0-0 Nc6 11. Rb1 Qe7 12. Re1 Kh8 13. Nh3 Ne5 14. Nf4 c6 15. Bf1 g5 16. Nh3 Ne4 17. f4 Nf7 18. Nxe4 fxe4 19. g3 Rad8 20. b3 gxf4 21. exf4 d5 22. Nf2 Bc8 23. Qe2 Nh6 24. Kh1 Nf5 25. Bb2 e3 26. Bxg7+ Qxg7 27. Nd3 d4 28. Bg2 Qh6 29. Kg1 Nd6 30. Rbd1 Bf5 31. Ne5 c5 32. Qb2 Qg7 33. b4 b6 34. a3 Be4 35. Bxe4 Nxe4 36. Rxe3 dxe3 37. Rxd8 Rxd8 0-1

[Event "Gran Canaria Fiestas Dolores 2nd"]
[Site "Gran Canaria"]
[Date "2017.09.12"]
[Round "4"]
[White "Martinez Molina, Jose Juan"]
[Black "Garcia Van Isschot, Carlos"]
[Result "1-0"]
[WhiteElo "1722"]
[BlackElo "1628"]
[PlyCount "78"]
[EventDate "2017.09.04"]
[EventType "swiss"]
[EventRounds "6"]
[EventCountry "ESP"]
[SourceTitle "CBM 180 Extra"]
[Source "ChessBase"]
[SourceDate "2017.10.06"]
[SourceVersion "1"]
[SourceVersionDate "2017.10.06"]
[SourceQuality "1"]

1. e4 d6 2. d4 c6 3. Nc3 Qc7 4. Bd3 e5 5. Nge2 Be7 6. Be3 Nf6 7. f3 a6 8. dxe5 dxe5 9. a3 Nbd7 10. 0-0 Bc5 11. Bxc5 Nxc5 12. b4 Ne6 13. Kh1 0-0 14. Qe1 Nh5 15. g3 b6 16. Qf2 Rb8 17. Qe3 Bb7 18. a4 Kh8 19. Nd1 c5 20. c3 c4 21. Bc2 b5 22. Nf2 Rbd8 23. axb5 axb5 24. Ra5 Qe7 25. Rxb5 Ng5 26. Ng4 f6 27. Kg2 Rd7 28. Qc5 Qd8 29. Ne3 Rd2 30. Rf2 Ne6 31. Qb6 Ba8 32. Qxe6 Qc7 33. Rc5 Qb7 34. Qxc4 Qd7 35. Rc7 Qe8 36. Qc5 Rxe2 37. Rxe2 Nf4+ 38. gxf4 Qg6+ 39. Ng4 Bb7 1-0

[Event "Gran Canaria Fiestas Dolores 2nd"]
[Site "Gran Canaria"]
[Date "2017.09.04"]
[Round "1"]
[White "Gonzalez Sastron, David"]
[Black "Martinez Molina, Jose Juan"]
[Result "0-1"]
[WhiteElo "1196"]
[BlackElo "1722"]
[PlyCount "114"]
[EventDate "2017.09.04"]
[EventType "swiss"]
[EventRounds "6"]
[EventCountry "ESP"]
[SourceTitle "CBM 180 Extra"]
[Source "ChessBase"]
[SourceDate "2017.10.06"]
[SourceVersion "1"]
[SourceVersionDate "2017.10.06"]
[SourceQuality "1"]

1. e4 c5 2. Nf3 e6 3. c3 d5 4. e5 Nc6 5. d4 Nge7 6. Bd3 h6 7. Nbd2 Bd7 8. Nb3 cxd4 9. cxd4 Nb4 10. 0-0 Nxd3 11. Qxd3 b6 12. Bd2 Ng6 13. Nc1 Be7 14. Ne2 0-0 15. Ng3 Qe8 16. Qe3 Bb5 17. Rfc1 Nh4 18. Nxh4 Bxh4 19. Bb4 Be7 20. Bxe7 Qxe7 21. a4 Ba6 22. f4 Rfc8 23. f5 Qg5 24. Qxg5 hxg5 25. fxe6 fxe6 26. b4 Bd3 27. Rd1 Rc3 28. Rac1 Rac8 29. Rxc3 Rxc3 30. Nf1 Bxf1 31. Kxf1 Rc4 32. a5 Rxb4 33. axb6 axb6 34. Ke2 b5 35. Ke3 Kf7 36. Rd3 Kg6 37. g4 Rb1 38. Rd2 b4 39. Kd3 Rg1 40. h3 Rg3+ 41. Kc2 Rxh3 42. Rg2 Kf7 43. Kb2 Rd3 44. Kc2 Rxd4 45. Kb3 Re4 46. Rg3 Ke7 47. Rg2 Rxe5 48. Kxb4 Kd6 49. Kb5 Re1 50. Kb4 Rc1 51. Kb3 e5 52. Kb2 Rc6 53. Rh2 e4 54. Rh7 e3 55. Rh8 Ke5 56. Re8+ Kd4 57. Rh8 Kd3 0-1

[Event "Gran Canaria Santana Memorial 5th"]
[Site "Gran Canaria"]
[Date "2017.02.24"]
[Round "7"]
[White "Martinez Molina, Jose Juan"]
[Black "Roca Marrero, Jose Miguel"]
[Result "1-0"]
[WhiteElo "1752"]
[BlackElo "1566"]
[PlyCount "103"]
[EventDate "2017.02.03"]
[EventType "swiss"]
[EventRounds "7"]
[EventCountry "ESP"]
[SourceTitle "CBM 177 Extra"]
[Source "ChessBase"]
[SourceDate "2017.04.27"]
[SourceVersion "1"]
[SourceVersionDate "2017.04.27"]
[SourceQuality "1"]

1. e4 c5 2. Nf3 a6 3. a4 d6 4. d4 cxd4 5. Nxd4 g6 6. Be3 Bg7 7. Be2 Nc6 8. 0-0 Nh6 9. f3 Nxd4 10. Bxd4 f6 11. Nc3 Be6 12. a5 0-0 13. Bb6 Qd7 14. Bd4 f5 15. Bxg7 Kxg7 16. Na4 Qc6 17. Nb6 Rad8 18. Ra3 fxe4 19. Rc3 Qe8 20. Qd4+ Kg8 21. Qxe4 Bc8 22. Re1 e6 23. Qb4 Qe7 24. Bc4 Rf6 25. Nd5 Qf8 26. Nxf6+ Qxf6 27. Bd3 Nf7 28. Bf1 Ne5 29. Rd1 Nc6 30. Qb6 d5 31. Rb3 Qe7 32. Bxa6 Nxa5 33. Qxa5 bxa6 34. Rc3 Qf6 35. Rcd3 Bb7 36. Qb6 Rd7 37. c4 Qf7 38. c5 Rc7 39. b4 Rc6 40. Qd8+ Kg7 41. Re1 Rc8 42. Qg5 Bc6 43. Qe5+ Qf6 44. Qxe6 Rb8 45. Qxf6+ Kxf6 46. Rd4 Rd8 47. Kf2 Bb5 48. g3 Bc4 49. Rf4+ Kg7 50. Re7+ Kg8 51. c6 d4 52. c7 1-0

[Event "Las Palmas Insular-chT Primera-A 1617"]
[Site "Las Palmas"]
[Date "2017.02.18"]
[Round "11.3"]
[White "Diaz Mendoza, Eladio"]
[Black "Martinez Molina, Jose Juan"]
[Result "1/2-1/2"]
[WhiteElo "1626"]
[BlackElo "1750"]
[PlyCount "88"]
[EventDate "2016.10.22"]
[EventType "team-tourn"]
[EventRounds "14"]
[EventCountry "ESP"]
[SourceTitle "EXT 2018"]
[Source "ChessBase"]
[SourceDate "2017.10.13"]
[SourceVersion "1"]
[SourceVersionDate "2017.10.13"]
[SourceQuality "1"]
[WhiteTeam "Telde Los Llanos II"]
[BlackTeam "Anand II"]
[WhiteTeamCountry "ESP"]
[BlackTeamCountry "ESP"]

1. e4 d6 2. d4 Nf6 3. Bd3 g6 4. Nf3 Bg7 5. h3 0-0 6. 0-0 Nc6 7. c3 Re8 8. d5 Nb8 9. Re1 c5 10. c4 e6 11. Nc3 e5 12. Bg5 h6 13. Be3 Nh5 14. Qd2 Kh7 15. Nh2 Nd7 16. Be2 Ndf6 17. g4 Nf4 18. Bxf4 exf4 19. Qxf4 Qe7 20. Bd3 Nd7 21. Nf3 Ne5 22. Nxe5 Bxe5 23. Qf3 Rb8 24. Bc2 a6 25. a4 b6 26. Rab1 Bd7 27. b3 Kg7 28. Kg2 Rh8 29. Rh1 Qg5 30. Ne2 h5 31. Qe3 Qxe3 32. fxe3 hxg4 33. hxg4 Rxh1 34. Rxh1 Bxg4 35. Nf4 b5 36. axb5 axb5 37. Bd3 bxc4 38. Bxc4 Ra8 39. Rf1 Ra3 40. Kg3 Bd7 41. Kf3 g5 42. Rg1 Kh6 43. Rh1+ Kg7 44. Rg1 Kh6 1/2-1/2

[Event "Gran Canaria Santana Memorial 5th"]
[Site "Gran Canaria"]
[Date "2017.02.10"]
[Round "3"]
[White "Martinez Molina, Jose Juan"]
[Black "Rodriguez Medina, Jose Chedey"]
[Result "1-0"]
[WhiteElo "1752"]
[BlackElo "1347"]
[PlyCount "71"]
[EventDate "2017.02.03"]
[EventType "swiss"]
[EventRounds "7"]
[EventCountry "ESP"]
[SourceTitle "CBM 177 Extra"]
[Source "ChessBase"]
[SourceDate "2017.04.27"]
[SourceVersion "1"]
[SourceVersionDate "2017.04.27"]
[SourceQuality "1"]

1. e4 c5 2. Nf3 d6 3. d4 cxd4 4. Nxd4 Nf6 5. Nc3 g6 6. Be2 Bg7 7. Be3 0-0 8. 0-0 Nc6 9. h3 Bd7 10. Rb1 Rc8 11. Nb3 b6 12. Kh1 Ne5 13. Nd2 Bc6 14. f4 Ned7 15. Bf3 Rc7 16. Kh2 e6 17. Qe2 Re8 18. Nb5 Bxb5 19. Qxb5 Nc5 20. c3 Qd7 21. Qe2 Rd8 22. Rbd1 Qe7 23. g4 Ne8 24. Rfe1 Rcd7 25. Nf1 Nc7 26. Ng3 e5 27. f5 g5 28. Nh5 f6 29. Rf1 h6 30. a4 d5 31. Ng3 a5 32. Qc2 dxe4 33. Rxd7 Rxd7 34. Nxe4 Nxe4 35. Bxe4 Nd5 36. Qb3 1-0

[Event "Gran Canaria Dominguez Memorial 3rd"]
[Site "Gran Canaria"]
[Date "2016.05.31"]
[Round "5"]
[White "Gutierrez Olivares, Daniel"]
[Black "Martinez Molina, Jose Juan"]
[Result "1-0"]
[WhiteElo "2295"]
[BlackElo "1738"]
[PlyCount "51"]
[EventDate "2016.05.17"]
[EventType "swiss"]
[EventRounds "7"]
[EventCountry "ESP"]
[SourceTitle "CBM 172 Extra"]
[Source "ChessBase"]
[SourceDate "2016.06.21"]
[SourceVersion "1"]
[SourceVersionDate "2016.06.21"]
[SourceQuality "1"]

1. e4 c5 2. Nf3 e6 3. d4 cxd4 4. Nxd4 a6 5. Bd3 Nc6 6. Nxc6 bxc6 7. Nd2 Qc7 8. Qe2 d6 9. b3 Be7 10. 0-0 Nf6 11. Bb2 0-0 12. e5 Nd7 13. exd6 Bxd6 14. Nf3 Be7 15. Qe4 g6 16. Ne5 Nxe5 17. Bxe5 Qb7 18. Rfe1 f6 19. Bc3 f5 20. Qf4 Bf6 21. Bxf6 Rxf6 22. Re5 a5 23. a4 Qc7 24. Rae1 Ba6 25. Bxa6 Rxa6 26. Qc4 1-0

[Event "Gran Canaria Dominguez Memorial 3rd"]
[Site "Gran Canaria"]
[Date "2016.05.24"]
[Round "3"]
[White "Martinez Molina, Jose Juan"]
[Black "Agejas Garcia, Diego"]
[Result "1-0"]
[WhiteElo "1738"]
[BlackElo "1517"]
[PlyCount "117"]
[EventDate "2016.05.17"]
[EventType "swiss"]
[EventRounds "7"]
[EventCountry "ESP"]
[SourceTitle "CBM 172 Extra"]
[Source "ChessBase"]
[SourceDate "2016.06.21"]
[SourceVersion "1"]
[SourceVersionDate "2016.06.21"]
[SourceQuality "1"]

1. e4 c5 2. Nf3 Nc6 3. d4 cxd4 4. Nxd4 Nf6 5. Nc3 e5 6. Ndb5 d6 7. Bg5 a6 8. Na3 b5 9. Nd5 Be7 10. Bxf6 Bxf6 11. c3 0-0 12. Nc2 Bg5 13. Nce3 Bxe3 14. Nxe3 Be6 15. Bd3 Ne7 16. a4 Qb6 17. axb5 axb5 18. 0-0 d5 19. exd5 Nxd5 20. Nxd5 Bxd5 21. Bxh7+ Kxh7 22. Qxd5 Rxa1 23. Rxa1 f6 24. Rd1 Rc8 25. Rd3 Qa5 26. Rh3+ Kg6 27. Rg3+ Kh7 28. h3 Rc7 29. Kh2 Qb6 30. Qd3+ Kg8 31. b3 Ra7 32. Qc2 Rd7 33. Rg4 Qd6 34. g3 Qc5 35. b4 Qb6 36. c4 bxc4 37. Rxc4 Rb7 38. Rc8+ Kf7 39. Qa2+ Kg6 40. Rc4 Ra7 41. Rg4+ Kh7 42. Qc2+ Kg8 43. Rh4 Kf7 44. Rg4 Kg8 45. Qc4+ Kh7 46. Qc2+ Kg8 47. Rc4 Rb7 48. h4 Kf7 49. h5 Ke7 50. Kg2 Ra7 51. Kh2 Rb7 52. g4 Qd6 53. Qe4 Qb6 54. Kg3 Ra7 55. h6 gxh6 56. Rc6 Qd4 57. Qh7+ Kd8 58. Qg8+ Kd7 59. Qe6+ 1-0

[Event "Gran Canaria Dominguez Memorial 3rd"]
[Site "Gran Canaria"]
[Date "2016.05.19"]
[Round "2"]
[White "Ramirez Medina, Victor"]
[Black "Martinez Molina, Jose Juan"]
[Result "1-0"]
[WhiteElo "2193"]
[BlackElo "1738"]
[PlyCount "63"]
[EventDate "2016.05.17"]
[EventType "swiss"]
[EventRounds "7"]
[EventCountry "ESP"]
[SourceTitle "CBM 172 Extra"]
[Source "ChessBase"]
[SourceDate "2016.06.21"]
[SourceVersion "1"]
[SourceVersionDate "2016.06.21"]
[SourceQuality "1"]

1. e4 c5 2. Nf3 d6 3. d4 cxd4 4. Nxd4 Nf6 5. Nc3 a6 6. Bg5 e6 7. f4 Be7 8. Qf3 Qc7 9. 0-0-0 Nbd7 10. g4 b5 11. Bxf6 Nxf6 12. g5 Nd7 13. f5 Ne5 14. Qg3 b4 15. Nce2 Nc6 16. fxe6 fxe6 17. Bh3 Nxd4 18. Nxd4 Qa5 19. Kb1 e5 20. Bxc8 exd4 21. Bb7 Rb8 22. Bc6+ Kd8 23. h4 Qc5 24. Ba4 Rf8 25. Rhe1 Kc7 26. e5 d5 27. Qg4 Rfd8 28. Rxd4 h6 29. Rd3 hxg5 30. hxg5 g6 31. c3 a5 32. cxb4 1-0

[Event "Gran Canaria Dominguez Memorial 3rd"]
[Site "Gran Canaria"]
[Date "2016.05.17"]
[Round "1"]
[White "Martinez Molina, Jose Juan"]
[Black "Trujillo Morales, Sofia"]
[Result "1-0"]
[WhiteElo "1738"]
[BlackElo "1150"]
[PlyCount "39"]
[EventDate "2016.05.17"]
[EventType "swiss"]
[EventRounds "7"]
[EventCountry "ESP"]
[SourceTitle "CBM 172 Extra"]
[Source "ChessBase"]
[SourceDate "2016.06.21"]
[SourceVersion "1"]
[SourceVersionDate "2016.06.21"]
[SourceQuality "1"]

1. e4 c5 2. Nf3 e6 3. d4 cxd4 4. Nxd4 a6 5. Nc3 Qc7 6. a3 b5 7. Be3 Bb7 8. Qd2 d6 9. g4 Nd7 10. Rg1 g6 11. 0-0-0 Bg7 12. Ndxb5 axb5 13. Nxb5 Qb8 14. Nxd6+ Ke7 15. Qb4 Bxe4 16. Nf5+ Kd8 17. Bb6+ Kc8 18. Nd6+ Qxd6 19. Qxd6 Kb7 20. Qc7# 1-0

[Event "Las Palmas Insular-chT Primera-B"]
[Site "Las Palmas"]
[Date "2016.03.05"]
[Round "13.2"]
[White "Martinez Molina, Jose Juan"]
[Black "Diaz Mendoza, Eladio"]
[Result "0-1"]
[WhiteElo "1759"]
[BlackElo "1543"]
[PlyCount "122"]
[EventDate "2015.10.17"]
[EventType "team-tourn"]
[EventRounds "14"]
[EventCountry "ESP"]
[SourceTitle "EXT 2017"]
[Source "ChessBase"]
[SourceDate "2016.10.25"]
[SourceVersion "1"]
[SourceVersionDate "2016.10.25"]
[SourceQuality "1"]
[WhiteTeam "Goya Villa de Teror IV"]
[BlackTeam "Sociedad La Montana III"]
[WhiteTeamCountry "ESP"]
[BlackTeamCountry "ESP"]

1. e4 c5 2. Nf3 b6 3. d4 cxd4 4. Nxd4 Bb7 5. Nc3 g6 6. Be3 Bg7 7. Qd2 e6 8. 0-0-0 a6 9. Rg1 b5 10. f3 Nc6 11. Nb3 Nge7 12. h4 h5 13. Nc5 Bc8 14. g4 hxg4 15. fxg4 Rxh4 16. Qf2 Rh8 17. Nxe6 fxe6 18. Bb6 Rf8 19. Qe3 Bd4 20. Bxd4 Nxd4 21. Qxd4 Nc6 22. Qe3 Qf6 23. g5 Qf4 24. Qxf4 Rxf4 25. Bg2 Ne5 26. Ne2 Rf2 27. Nd4 Bb7 28. Rdf1 Rxf1+ 29. Rxf1 Ke7 30. Nb3 Rh8 31. Nc5 Bc8 32. Nd3 Nc4 33. Nf4 Ne5 34. b3 Rh2 35. Rh1 Rxh1+ 36. Bxh1 Kf7 37. Kd2 Bb7 38. Ke3 d6 39. Nd3 Nd7 40. Bf3 e5 41. Nf2 Nf8 42. Be2 Ne6 43. Nh3 Nc5 44. Bd3 b4 45. Ng1 a5 46. Bc4+ Ke7 47. Bd3 Ne6 48. Nf3 Nf4 49. Bc4 Bc6 50. Bd3 Ke6 51. Nd4+ Kd7 52. Nf3 Kc7 53. Bc4 Be8 54. Bd3 Kb6 55. Nd2 Kc5 56. Nf3 a4 57. Nd2 axb3 58. cxb3 Bd7 59. Bc4 Bg4 60. Bf7 Bh5 61. Be6 Nxe6 0-1

[Event "Gran Canaria Cabildo op"]
[Site "Gran Canaria"]
[Date "2016.03.04"]
[Round "6"]
[White "Guerra Aleman, Marcial"]
[Black "Martinez Molina, Jose Juan"]
[Result "0-1"]
[WhiteElo "1682"]
[BlackElo "1760"]
[PlyCount "44"]
[EventDate "2016.02.16"]
[EventType "swiss"]
[EventRounds "9"]
[EventCountry "ESP"]
[SourceTitle "CBM 171 Extra"]
[Source "ChessBase"]
[SourceDate "2016.04.26"]
[SourceVersion "1"]
[SourceVersionDate "2016.04.26"]
[SourceQuality "1"]

1. d4 Nf6 2. c4 g6 3. Nc3 Bg7 4. e4 0-0 5. e5 Ne8 6. h4 d6 7. Bf4 Nc6 8. exd6 cxd6 9. d5 Ne5 10. Nf3 Qb6 11. Bxe5 dxe5 12. Qe2 Bg4 13. Rb1 Bf5 14. Ne4 Nd6 15. c5 Qb4+ 16. Nc3 Qxc5 17. Rc1 Rac8 18. Nxe5 Ne4 19. Nd3 Nxc3 20. Nxc5 Nxe2 21. Bxe2 Bxb2 22. Rc4 b5 0-1

[Event "Gran Canaria Cabildo op"]
[Site "Gran Canaria"]
[Date "2016.02.23"]
[Round "3"]
[White "Martinez Molina, Jose Juan"]
[Black "Julien Casteleiro, Ariel"]
[Result "1/2-1/2"]
[WhiteElo "1760"]
[BlackElo "1592"]
[PlyCount "106"]
[EventDate "2016.02.16"]
[EventType "swiss"]
[EventRounds "9"]
[EventCountry "ESP"]
[SourceTitle "CBM 171 Extra"]
[Source "ChessBase"]
[SourceDate "2016.04.26"]
[SourceVersion "1"]
[SourceVersionDate "2016.04.26"]
[SourceQuality "1"]

1. e4 e5 2. Nf3 Nc6 3. Bb5 Nf6 4. 0-0 Bc5 5. d3 d6 6. c3 a6 7. Ba4 b5 8. Bc2 Bg4 9. Re1 0-0 10. Nbd2 d5 11. h3 Bh5 12. Nb3 Bb6 13. g4 Bg6 14. Bg5 Qd6 15. Bh4 Rad8 16. Qe2 Rfe8 17. a4 b4 18. Bg3 Nd7 19. a5 Ba7 20. c4 d4 21. Kg2 f6 22. Nh4 Ne7 23. Nd2 Nf8 24. Nf5 Bxf5 25. gxf5 g6 26. Qg4 Kh8 27. c5 Qxc5 28. Bb3 Qc6 29. Rec1 Qb7 30. Kh2 Ng8 31. Bf7 Nh6 32. Qh4 Nxf7 33. Qxf6+ Kg8 34. fxg6 hxg6 35. Rg1 Re6 36. Qf3 Nd7 37. Bh4 Rde8 38. Qh5 Nf8 39. Rg2 b3 40. Rag1 Kg7 41. Qf3 Bc5 42. Nf1 Be7 43. Ng3 Bxh4 44. Nf5+ Kg8 45. Nxh4 Nh8 46. Nf5 c5 47. Rg4 c4 48. Nh6+ Kg7 49. Nf5+ Kg8 50. Nh6+ Kh7 51. Rh4 Kg7 52. Nf5+ Kg8 53. Nh6+ Kg7 1/2-1/2